D & B reports

"The Dun & Bradstreet magazine for small-business management."

Bibliographic Details
Previous Title:Dun and Bradstreet, inc. Dun & Bradstreet reports magazine
Corporate Author: Dun and Bradstreet, inc
Format: Electronic Journal
Language:English
Published: [New York], [Dun & Bradstreet Credit Services, etc.]
Subjects:
Online Access:Full text available from Research Library: 01/01/1988 to 03/31/1994

MARC

LEADER 00000nas a2200000 4500
001 ssj0006394
003 WaSeSS
005 20200512172242.0
006 m d
007 cr n
008 791001d19791994nyubr p s 0 a0eng c
010 |a  80642262  
016 |a (AMICUS)000002782022 
022 |l 0746-6110  |y 0746-6110 
030 |a DBRED6 
032 |a 439110  |b USPS 
035 |a (WaSeSS)ssj0006394 
037 |b Dun & Bradstreet Credit Services, 279 Park Ave., New York, NY 10171 
040 |a YQR  |b eng  |c YQR  |d DLC  |d NST  |d NSD  |d AIP  |d NST  |d AIP  |d NST  |d NSD  |d NST  |d NSD  |d NST  |d IUL  |d MYG  |d NST  |d WAU  |d TJC  |d IUL  |d OCLCQ  |d LVB  |d OCLCQ  |d OCLCF  |d OCLCO  |d NLC  |d OCLCQ  |d RDF  |d ZAS  |d WaSeSS 
042 |a pcc  |a nsdp 
043 |a n-us--- 
050 0 0 |a HF5001  |b .D86a 
082 0 4 |a 330/.05 
110 2 |a Dun and Bradstreet, inc. 
210 0 |a D & B rep. 
222 0 |a D & B reports 
245 1 0 |a D & B reports  |h [electronic resource]. 
246 3 0 |a D and B reports 
260 |a [New York],  |b [Dun & Bradstreet Credit Services, etc.] 
310 |a Bimonthly 
362 0 |a v. 27, no. 3-v. 43, no. 2; May/June 1979-Mar./Apr. 1994. 
506 |a License restrictions may limit access. 
515 |a Issue for Jan./Feb. 1992 called v. 40, no. 1; for Mar./Apr. 1992- called v. 41, no. 2- 
520 |a "The Dun & Bradstreet magazine for small-business management." 
580 |a Issued with: Dun & Bradstreet looks at business. 
650 0 |a Business  |v Periodicals. 
650 0 |a Commerce  |v Periodicals. 
650 0 |a Small business  |z United States  |v Periodicals. 
650 7 |a Business.  |2 fast  |0 (OCoLC)fst00842262 
650 7 |a Commerce.  |2 fast  |0 (OCoLC)fst00869279 
650 7 |a Small business.  |2 fast  |0 (OCoLC)fst01121223 
651 7 |a United States.  |2 fast  |0 (OCoLC)fst01204155 
655 0 |a Electronic journals. 
777 1 |t Dun & Bradstreet looks at business  |w (DLC)sn 93029050  |w (OCoLC)15335154 
780 0 0 |a Dun and Bradstreet, inc.  |t Dun & Bradstreet reports magazine  |x 0164-517X  |w (DLC) 80642261  |w (OCoLC)4584471 
850 |a AU  |a CU-I  |a CaAEU  |a CaOLU  |a CaOOE  |a CaOONL  |a CoFS  |a CtY-SSE  |a DGW  |a DLC  |a IC  |a ICarbS  |a IU  |a IaU  |a InU  |a LU  |a MCM  |a MH-BA  |a MiDW  |a MnU  |a NIC  |a NN  |a NNC  |a NNStJ  |a NjR  |a OCU  |a OU  |a PU-W  |a TxU  |a UU  |a ViBlbV  |a ViU  |a ViW  |a WM  |a Wa  |a WaU 
856 4 0 |z Full text available from Research Library: 01/01/1988 to 03/31/1994  |u https://search.proquest.com/publication/36959